National Assembly Library of Thailand

วารสารกระทรวงการท่องเที่ยวและกีฬา (ระเบียนเลขที่ 97878)

รายละเอียดในรูปแบบ MARC
000 -LEADER
fixed length control field 00762nas a22001937a 4500
003 - CONTROL NUMBER IDENTIFIER
control field NALT
005 - DATE AND TIME OF LATEST TRANSACTION
control field 20201228131817.0
008 - FIXED-LENGTH DATA ELEMENTS--GENERAL INFORMATION
fixed length control field 201228b th ||||| |||| 00| 0 tha d
040 ## - CATALOGING SOURCE
Original cataloging agency NALT
245 00 - TITLE STATEMENT
Title วารสารกระทรวงการท่องเที่ยวและกีฬา
260 ## - PUBLICATION, DISTRIBUTION, ETC.
Place of publication, distribution, etc. กระทรวงการท่องเที่ยงและกีฬา
310 ## - CURRENT PUBLICATION FREQUENCY
Current publication frequency รายเดือน
500 ## - GENERAL NOTE
General note วารสารอิเล็กทรอนิกส์
650 ## - SUBJECT ADDED ENTRY--TOPICAL TERM
Source of heading or term การท่องเที่ยวและกีฬา
850 ## - HOLDING INSTITUTION
Holding institution NALT
856 ## - ELECTRONIC LOCATION AND ACCESS
Uniform Resource Identifier <a href="https://www.mots.go.th/Ebook-List.php?gebookid=4">https://www.mots.go.th/Ebook-List.php?gebookid=4</a>
942 ## - ADDED ENTRY ELEMENTS (KOHA)
Koha item type Journal/Magazine
998 ## - STAFF NAME (NALT)
-- 755
-- จินตนา เอี่ยมคง

ไม่มีตัวเล่มให้บริการ

หอสมุดรัฐสภา
สำนักงานเลขาธิการสภาผู้แทนราษฎร เลขที่ 1111 ถนนสามเสน แขวงถนนนครไชยศรี เขตดุสิต กรุงเทพฯ 10300
The Secretariat of the House of Representatives 1111 Samsen Road, Thanon Nakhon Chai Si, Dusit, Bangkok 10300, THAILAND
โทรศัพท์: +66(0) 2242 5900 ต่อ 5714-5 โทรสาร: +66(0) 2242 5990 อีเมล: [email protected]